000
00280nam a2200121Ia 4500
008
190216s9999||||xx |||||||||||||| ||und||
100
_a
Larsanar N J
245
0
_a
Salkathakalam Vol 1 To 10
260
_b
Oriental Watchman Pub
300
_a
80
650
_a
Kathakal
942
_c
BK
999
_c
27082
_d
27082